Historia de sombras /

Guardado en:
Bibliografiske detaljer
Hovedforfatter: Zaragoza, Susana (autor)
Format: Bog
Sprog:spansk
Udgivet: México : Fondo Nacional para la Cultura y las Artes, 2001, c2001
Serier:(Tierra Adentro ; 234)
Fag:
Tags: Tilføj Tag
Ingen Tags, Vær først til at tagge denne postø!

MARC

LEADER 00000nam^a2200000^a^4500
001 000165568
005 20250521000000.0
009 20260310101022.115
020 |a 970-18-7422-6 
037 |a Acervo ITESO - Biblioteca 
041 |a ESP 
082 |a 861.  |b ZAR 
100 |a Zaragoza, Susana  |e (autor) 
245 1 0 |a Historia de sombras /  |c S. Zaragoza. 
264 4 |a México :  |b Fondo Nacional para la Cultura y las Artes,  |c 2001, c2001 
300 |a 94 p. 
336 |a texto  |b txt  |2 rdacontenido 
337 |a sin mediación  |b n  |2 rdamedio 
338 |a volumen  |b nc  |2 rdasoporte 
440 1 |a (Tierra Adentro ;  |v 234) 
649 |a XX 
650 |a Poesía Mexicana 
650 |a Literatura Mexicana -  |y Siglo XX 
910 |a Fondo General 
920 |a Impresos - Libros 
930 |a Colección General 
940 |a Literatura 
905 |a 101 
901 |a 0500100227  |b IT1  |c LIT  |u 20250521 
902 |a https://opac.biblio.iteso.mx/vufind/Record/000165568